LEADER 01557nas 2200493- 450 001 9910647792403321 005 20220421030127.0 011 $a1757-1944 035 $a(OCoLC)495728670 035 $a(CKB)1000000000749957 035 $a(CONSER)--2017208482 035 $a(EXLCZ)991000000000749957 100 $a20100104a20099999 --- a 101 0 $aeng 135 $auran||||||||| 181 $ctxt$2rdacontent 182 $cc$2rdamedia 183 $acr$2rdacarrier 200 00$aJournal of arts & communities 210 1$aBristol :$cIntellect,$d2009- 215 $a1 online resource 300 $aRefereed/Peer-reviewed 311 $a1757-1936 517 1 $aJournal of arts and communities 606 $aArtists and community$vPeriodicals 606 $aCommunity arts projects$vPeriodicals 606 $aRelations artistes-collectivité$vPériodiques 606 $aProjets d'art communautaires$vPériodiques 606 $aArtists and community$2fast$3(OCoLC)fst00817635 606 $aCommunity arts projects$2fast$3(OCoLC)fst00870681 608 $aPeriodicals.$2fast 610 $aCulture and media 615 0$aArtists and community 615 0$aCommunity arts projects 615 6$aRelations artistes-collectivité 615 6$aProjets d'art communautaires 615 7$aArtists and community. 615 7$aCommunity arts projects. 676 $a[E] 712 02$aIntellect (Firm), 906 $aJOURNAL 912 $a9910647792403321 996 $aJournal of arts & communities$93015241 997 $aUNINA LEADER 02205oas 2200937 a 450 001 9910144198503321 005 20260218110414.0 011 $a1880-6562 035 $a(OCoLC)67712498 035 $a(CONSER) 2008247673 035 $a(CKB)1000000000221517 035 $a(DE-599)ZDB2437104-X 035 $a(DE-599)2437104-X 035 $a(EXLCZ)991000000000221517 100 $a20060426a20069999 sy a 101 0 $aeng 135 $aurun||||||||| 181 $ctxt$2rdacontent 182 $cc$2rdamedia 183 $acr$2rdacarrier 200 14$aThe journal of physiological sciences $eJPS 210 $aTokyo $cPhysiological Society of Japan 210 2 $a[Tokyo] $cSpringer Japan 210 2 $a[Tokyo] $cBioMed Central, part of Springer Nature 210 3 $a[New York] $cElsevier 300 $aRefereed/Peer-reviewed 311 08$a1880-6546 517 3 $aJPS 531 0 $aJ. physiol. sci. 606 $aPhysiology$vPeriodicals 606 $aPhysiology 606 $aPhysiologie$vPe?riodiques 606 $aPhysiology$2fast$3(OCoLC)fst01063177 608 $aPeriodical. 608 $aPeriodicals.$2fast 608 $aPeriodicals.$2lcgft 615 0$aPhysiology 615 12$aPhysiology. 615 6$aPhysiologie 615 7$aPhysiology. 712 02$aNihon Seiri Gakkai, 801 0$bOCLCS 801 1$bOCLCS 801 2$bOCLCS 801 2$bSBH 801 2$bCUS 801 2$bAU@ 801 2$bOCLCQ 801 2$bUKMGB 801 2$bOCLCQ 801 2$bOCLCF 801 2$bVT2 801 2$bOCLCQ 801 2$bOCLCO 801 2$bOCLCQ 801 2$bOCLCA 801 2$bBUF 801 2$bU3W 801 2$bEZC 801 2$bOCLCO 801 2$bWYU 801 2$bOCLCO 801 2$bAUD 801 2$bDLC 801 2$bUBY 801 2$bADU 801 2$bDLC 801 2$bCUI 801 2$bOCLCQ 801 2$bQGK 801 2$bOCLCQ 801 2$bOCLCO 801 2$bDLC 801 2$bUEJ 801 2$bNLM 801 2$bOCLCL 801 2$bOCLCQ 906 $aJOURNAL 912 $a9910144198503321 996 $aThe journal of physiological sciences$91948216 997 $aUNINA